00862 2200301 4500001002100000005001500021035002000036007000300056008004100059020002200100040002200122082001400144084001600158090002000174090002200194100002900216245004500245250002600290300005100316650003300367850001200400264003000412336002100442337003000463338002300493999002200516990002200538INLIS00000000085787720250619100913 a0010-0321000900ta210326s2020 yoia g ind d a978-623-7519-12-6 aYOPDYOGbinderda04223a248.4 a248.4 KOR m aDEP 248.4 KOR m aCB-D.11 2020-09990 aKornelius Sabatepenulis10aMenjadi Kristen wajar /cKornelius Sabat aCetakan pertama, 2020 axiii, 96 halaman :bilustrasi, gambar ;c21 cm 4aKehidupan beragama (kristen) aYOPDYOG31aYogyakarta :bAndi,c2020 2rdacontentateks 2rdamediaatanpa perantara 2rdacarrieravolume aCB-D.11/2020-0999 aCB-D.11/2020-0999